000 00801nam a22002417a 4500
003 KOHA_MİRAKIL
005 20260428090047.0
008 260427b tu ||||| |||| 00| 0 tur d
020 _a9786051400624
040 _aTR-AnABB
_btur
_cTR-AnABB
041 _atur
082 _a923.256 1
_bMUL 2023
100 1 _aMülayim, Ziya Gökalp
245 1 0 _aSenatör :
_bBir Cumhuriyet senatörünün anıları /
_cZiya Gökalp Mülayim
246 _aSenatör
250 _aGüncelleştirilmiş 2. baskı
260 _aİstanbul ;
_bYenigün Haber Ajansı Yayıncılık,
_c2023
300 _a520 sayfa ;
_c20 cm
500 _aYazar tarafından Prof. Dr. Ruşen Keleş için imzalanmıştır.
650 0 4 _aBiyografi, siyasetçiler
900 _bCan ÇELIK
942 _2ddc
_cBK
999 _c10334
_d10334